| 000 | 01061nam a2200265 a 4500 | ||
|---|---|---|---|
| 001 | BRCA_1418 | ||
| 005 | 20190320203422.0 | ||
| 008 | 900402s1986 mx-a---##b---#001-0#spa-d | ||
| 020 | _a9683602932 | ||
| 041 |
_aspa _heng |
||
| 050 | 4 |
_aF1231 _b.G47 1986 |
|
| 100 | 1 |
_aGerhard, Peter _d1920- _94630 |
|
| 245 | 1 | 0 |
_aGeografía histórica de la Nueva España _b1519-1821 _cPeter Gerhard ; traducción de Stella Mastrangelo ; mapas de Reginald Piggott. |
| 260 |
_aMéxico _bUNAM _c1986 |
||
| 300 |
_a493 p. _bil., mapas _c25 cm. |
||
| 440 | 0 |
_aEspacio y tiempo _v1 _94631 |
|
| 500 | _aIncluye índice de nombres y apéndices : A. Reyes y virreyes de la Nueva España. Apéndice B. Estados modernos y divisiones coloniales | ||
| 500 | _aTraducción de : A Guide to the Historical Geography of New Spain | ||
| 504 | _aBibliografía: p. [417]-431 | ||
| 651 | 4 |
_aMéxico _xHistoria _yColonia española, 1540-1810 _9394 |
|
| 651 | 4 |
_aMéxico _xGeografía histórica _9540 |
|
| 700 | 1 |
_aMastrangelo, Stella _94632 |
|
| 700 | 1 |
_aPiggott, Reginald _94633 |
|
| 942 |
_2lcc _cB |
||
| 999 |
_c1280 _d1280 |
||